LEADER 01192nam2 22003013i 450 001 SUN0105076 005 20160315085442.906 010 $d0.00 100 $a20160314d1926 |0itac50 ba 101 $aita 102 $aIT 105 $a|||| ||||| 200 1 $a2: *Cultura e vita morale$eintermezzi polemici$fBenedetto Croce 205 $a2. ed. raddoppiata 210 $aBari$cLaterza$d1926 215 $a320 p.$d22 cm 461 1$1001SUN0105075$12001 $a*Scritti varii$fBenedetto Croce$v2$1210 $aBari$cLaterza$1215 $avolumi$d22 cm. 606 $aItalia$xCultura$xSec. 18.-19.$xSaggi$2SG$3SUNC032011 606 $aMorale$2SG$3SUNC032012 620 $dBari$3SUNL000009 700 1$aCroce$b, Benedetto$f1866-1952$3SUNV019750$09641 712 $aLaterza$3SUNV000002$4650 801 $aIT$bSOL$c20181109$gRICA 912 $aSUN0105076 950 $aUFFICIO DI BIBLIOTECA DEL DIPARTIMENTO DI GIURISPRUDENZA$d00 CONS BL.900M.607 2 $e00 BL 1238 SLP 995 $aUFFICIO DI BIBLIOTECA DEL DIPARTIMENTO DI GIURISPRUDENZA$gBL$h1238$kCONS BL.900M.607 2 SLP$oc$qa 996 $aCultura e vita morale$9148685 997 $aUNICAMPANIA LEADER 01394nam 2200337 450 001 9910734349103321 005 20230816075534.0 035 $a(CKB)5470000002907818 035 $a(NjHacI)995470000002907818 035 $a(EXLCZ)995470000002907818 100 $a20230816d2023 uy 0 101 0 $aeng 135 $aur||||||||||| 181 $ctxt$2rdacontent 182 $cc$2rdamedia 183 $acr$2rdacarrier 200 00$aApplications of Crystal Engineering in Drug Delivery /$fedited by Hisham Al-Obaidi 210 1$a[Place of publication not identified] :$cMDPI - Multidisciplinary Digital Publishing Institute,$d2023. 215 $a1 online resource (310 pages) 311 $a3-0365-8095-6 330 $aCrystal engineering is a broad area of research that includes crystal habit modification, polymorphism, solid dispersions, and salt formation. This reprint covers state-of-the-art applications of crystal engineering and includes a combination of research and review articles, with special emphasis on novel drug delivery and targeting applications. 606 $aDrug delivery systems 615 0$aDrug delivery systems. 676 $a615.6 702 $aAl-Obaidi$b Hisham 801 0$bNjHacI 801 1$bNjHacl 906 $aBOOK 912 $a9910734349103321 996 $aApplications of Crystal Engineering in Drug Delivery$93400871 997 $aUNINA